[Event "Turkish Cup 2022"]
[Site "Sakarya"]
[Date "2022.03.28"]
[Round "5.30"]
[White "Ozel, Baran Kemal"]
[Black "Kavri, Yusuf Eren"]
[Result "0-1"]
[WhiteElo "1401"]
[BlackElo "1886"]
[Annotator "NA RC"]
[PlyCount "68"]
[EventDate "2022.03.25"]
[EventType "swiss"]
[EventCountry "TUR"]
[SourceTitle "playchess.com"]
[Source "ChessBase"]
[SourceQuality "1"]
[TimeControl "5400+30"]

1. e4 {[%emt 0:01:00]} c5 {[%emt 0:01:00]} 2. Nf3 {[%emt 0:00:00]} Nc6 {[%emt 0:00:30]} 3. d4 {[%emt 0:00:00]} cxd4 {[%emt 0:00:30]} 4. Nxd4 {[%emt 0:00:30]} Nf6 {[%emt 0:00:30]} 5. Nc3 {[%emt 0:00:00]} d6 {[%emt 0:00:00]} 6. Bc4 {[%emt 0:06:00]} Qb6 {[%emt 0:00:00]} 7. Be3 {[%emt 0:10:30]} Qxb2 {[%emt 0:00:00]} 8. Ndb5 {[%emt 0:23:30]} Qb4 {[%emt 0:00:00]} 9. Bd3 {[%emt 0:01:30]} Qa5 {[%emt 0:00:30]} 10. Qd2 {[%emt 0:01:30]} (10. Bd2 $1 $15 Qd8 11. Nd5 Nxd5 12. exd5) 10... a6 {[%emt 0:09:30]} 11. Nd4 {[%emt 0:03:30]} e6 {[%emt 0:07:30]} 12. O-O {[%emt 0:02:30]} Be7 {[%emt 0:00:30]} 13. f4 {[%emt 0:16:30]} Bd7 {[%emt 0:09:30]} 14. Nb3 {[%emt 0:06:30]} Qc7 {[%emt 0:01:30]} 15. Na4 {[%emt 0:01:30]} b5 {[%emt 0:03:30]} 16. Nb6 {[%emt 0:03:30]} Rb8 {[%emt 0:00:30]} 17. Nxd7 {[%emt 0:00:00]} Nxd7 {[%emt 0:00:30]} 18. f5 {[%emt 0:01:00]} Bf6 {[%emt 0:07:30]} 19. g4 {[%emt 0:01:31]} Bxa1 {[%emt 0:04:30]} 20. Rxa1 {[%emt 0:03:08]} Nde5 {[%emt 0:01:30]} 21. Be2 {[%emt 0:00:22]} Nc4 {[%emt 0:16:30]} 22. Bxc4 {[%emt 0:00:42]} bxc4 {[%emt 0:00:30]} 23. Nd4 {[%emt 0:00:00]} Nxd4 {[%emt 0:00:30]} 24. Bxd4 {[%emt 0:00:35]} e5 {[%emt 0:00:30]} 25. Be3 {[%emt 0:00:30]} Qc6 {[%emt 0:00:00]} 26. Qg2 {[%emt 0:02:10]} Rb2 {[%emt 0:03:00]} 27. g5 {[%emt 0:00:28]} Qa4 {[%emt 0:01:30]} 28. f6 {[%emt 0:04:22]} g6 {[%emt 0:12:30]} 29. Qh3 {[%emt 0:01:40]} Qd7 {[%emt 0:00:00]} 30. Qg2 {[%emt 0:00:35]} O-O $19 {[%emt 0:01:00]} 31. h4 {[%emt 0:03:13]} h5 {[%emt 0:01:10]} 32. gxh6 {[%emt 0:00:38]} Kh7 {[%emt 0:00:01]} 33. Kh1 {[%emt 0:01:31]} Qb7 {[%emt 0:01:48]} 34. h5 {[%emt 0:01:02]} Rb1+ {[%emt 0:00:29]} 0-1

[Event "Turkish Cup 2022"]
[Site "Sakarya"]
[Date "2022.03.28"]
[Round "5.31"]
[White "Danaci, Ege"]
[Black "Tahaoglu, Erkin"]
[Result "0-1"]
[WhiteElo "2264"]
[BlackElo "1694"]
[Annotator "TA"]
[PlyCount "141"]
[EventDate "2022.03.25"]
[EventType "swiss"]
[EventCountry "TUR"]
[SourceTitle "playchess.com"]
[Source "ChessBase"]
[SourceQuality "1"]

{[%evp 9,141,-5,4,-5,16,-8,10,0,5,6,11,0,19,29,35,29,91,82,61,55,69,8,58,8,8,8,45,37,34,31,38,49,43,20,113,100,100,100,101,11,44,0,53,0,29,0,0,0,0,0,0,-14,0,0,0,-62,12,-70,160,132,100,144,144,82,82,87,95,0,0,0,1,0,61,0,7,0,0,0,46,43,43,43,53,53,92,29,29,0,0,0,0,0,0,0,0,-3,-3,-122,0,-1372,0,0,0,0,0,0,0,0,0,-27,-45,-50,0,-12833,-12834,-12841,-12841,-12841,-12842,-12842,-12843,-12843,-12843,-12844,-12844,-12845,-12845,-12845,-12846,-12846,-12847,-12847,-12847,-12850]} 1. b3 e5 2. Bb2 Nc6 3. e3 Nf6 4. c4 d5 5. cxd5 Qxd5 6. Nc3 {A01: Nimzowitsch-Larsen Opening.} Qd8 {[#]} 7. Rc1 $146 ({Predecessor:} 7. a3 Bd6 8. d3 O-O 9. Be2 Be6 10. Nf3 h6 11. O-O Ne7 12. Nd2 c6 13. Nc4 {1-0 (92) Moskalenko,A (2490)-Andreikin,D (2733) Chess.com INT 2016}) 7... Bb4 8. Qc2 {The position is equal.} O-O 9. a3 Bxc3 10. Bxc3 Qe7 11. b4 Nd4 12. Qb2 Nd5 13. Bxd4 $16 exd4 14. Qxd4 Rd8 15. Qc5 (15. Nf3 $14) 15... Qf6 (15... Rd6 $11 16. Ne2 b6) 16. Nf3 (16. Ne2 $14) 16... Qb2 $1 $11 17. Be2 b6 (17... Qxa3 $5 {[%cal Rb7b6]} 18. O-O Qxb4 $11) 18. Qc2 Qxa3 19. b5 ({But not} 19. Ng5 Bf5 $1 {[%mdl 512]} 20. Qd1 Qxb4 $17) 19... Bf5 20. Qd1 Bd3 {Threatens to win with ...Bxe2.} 21. O-O (21. Ra1 $5 {[%cal Ra1a3]} Bxe2 22. Rxa3 Bxd1 23. Kxd1 $14) 21... Qxc1 22. Qxc1 $16 Bxe2 23. Re1 Bxb5 24. Qb2 (24. e4 $1 $16 {[%cal Re4d5]} Nf4 25. Qxc7) 24... Be8 $11 25. Rc1 (25. Nd4 $14 {deserves consideration.}) 25... c6 (25... a5 $1 $11) 26. d4 (26. Nd4 $14) 26... Rdb8 27. g3 {[%mdl 1024] White has compensation.} a5 28. e4 $36 {[%mdl 2048] White is pushing.} Nf6 29. Nd2 (29. Ne5 $5 {[%cal Re5c6]}) 29... a4 30. Qb4 b5 31. Rc3 Rd8 32. f3 (32. h4 $11) 32... h6 (32... Nd7 $1 $15) 33. g4 (33. Nf1 $11) 33... a3 $2 (33... Nd7 $15 {keeps the upper hand.} 34. Rxc6 a3) 34. Rxa3 $16 Rxa3 35. Qxa3 Rxd4 36. Qe3 ({Better is} 36. Nf1 $1) 36... c5 37. Kg2 Rd8 38. g5 (38. e5 $16 Nd7 39. Ne4) 38... hxg5 $11 39. e5 Nh7 40. Ne4 Bc6 (40... Rd5 $11) 41. Nxc5 ({White should play} 41. Nd6 $1 $14 g4 42. Qxc5 Bxf3+ 43. Kg3) 41... g4 $1 42. e6 {And now exf7+ would win.} Bxf3+ 43. Kg3 {Black must now prevent exf7+.} fxe6 (43... Nf6 $11) 44. Qxe6+ $14 Kh8 45. Qe7 Rg8 46. Nd7 $1 {Prevents Nf6.} Ra8 47. Ne5 (47. h3 $16) 47... Nf6 $11 48. Nf7+ Kg8 {Hoping for ...Re8.} 49. Nd6 {Inhibits Re8.} Bd5 50. Kh4 Ra2 51. Qe5 g3 52. Kxg3 ({Wrong is} 52. Qxg3 $2 Ra4+ 53. Kh3 Be6+ 54. Kg2 Rg4 55. Qxg4 Bxg4 $19) 52... Rg2+ 53. Kh3 (53. Kf4 $1 $11 {was the only way to keep the balance.}) 53... Rg4 {Black is more active.} (53... Rg6 $1 $17 {( -> ...Bg2+)} 54. Qf5 (54. Nxb5 $2 {leads to mate.} Bg2+ 55. Kh4 Rg4#) 54... Rh6+ 55. Kg3 Nh5+ 56. Kh4 Nf4+ 57. Kg3 Nh5+ 58. Kh4 Nf4+ 59. Kg3 Ne2+ 60. Kf2 Rf6 $1 61. Kxe2 Rxf5 62. Nxf5 Kf7) 54. Qe2 {[%mdl 8192]} (54. Qxd5+ $11 Nxd5 55. Kxg4) 54... Bg2+ $2 (54... b4 $19 55. Qxg4 Nxg4 56. Kxg4 b3) 55. Qxg2 Rxg2 56. Kxg2 {[%mdl 4096] Endgame KN-KN} b4 57. Nc4 Kf7 58. Kf3 Ke6 {...Kd5 is the strong threat.} 59. Kf4 Kd5 60. Na5 Ne4 ({Black should try} 60... Nd7 $15 61. h4 g6) 61. Nb3 $2 {[%mdl 8192]} (61. Kf5 $11) 61... Nc5 $19 {Black is clearly winning.} 62. Nd2 Kd4 63. Nf3+ Kc3 64. Ke3 b3 {[%cal Bb4b3,Bb3b2][%mdl 32]} 65. Nd2 {[#]} b2 $1 66. Nb1+ Kc2 67. Na3+ Kc1 68. h4 Nb3 69. h5 Na1 70. Kf4 Nc2 71. Ke4 {Weighted Error Value: White=0.38/Black=0.37} 0-1

[Event "Turkish Cup 2022"]
[Site "Sakarya"]
[Date "2022.03.28"]
[Round "5.34"]
[White "Canbulan, Arda"]
[Black "Unsal, Gorkem"]
[Result "1-0"]
[WhiteElo "1867"]
[BlackElo "1672"]
[Annotator "NA RC"]
[PlyCount "161"]
[EventDate "2022.03.25"]
[EventType "swiss"]
[EventCountry "TUR"]
[SourceTitle "playchess.com"]
[Source "ChessBase"]
[SourceQuality "1"]
[TimeControl "5400+30"]

1. e4 {[%emt 0:01:00]} c5 {[%emt 0:01:00]} 2. Nf3 {[%emt 0:00:30]} Nc6 {[%emt 0:00:30]} 3. d4 {[%emt 0:00:30]} cxd4 {[%emt 0:00:30]} 4. Nxd4 {[%emt 0:00:30]} e5 {[%emt 0:00:00]} 5. Nb5 {[%emt 0:00:00]} d6 {[%emt 0:00:00]} 6. N1c3 {[%emt 0:00:00]} a6 {[%emt 0:00:00]} 7. Na3 {[%emt 0:00:30]} Be7 {[%emt 0:00:00]} 8. Nc4 {[%emt 0:00:00]} b5 {[%emt 0:07:30]} 9. Ne3 {[%emt 0:00:00]} Nf6 {[%emt 0:03:30]} 10. Bd3 {[%emt 0:00:00]} Be6 {[%emt 0:00:30]} 11. O-O {[%emt 0:03:00]} O-O {[%emt 0:00:00]} 12. a3 {[%emt 0:06:30]} Rc8 {[%emt 0:04:00]} 13. g4 {[%emt 0:08:30]} g6 {[%emt 0:04:30]} 14. Ncd5 {[%emt 0:09:30]} Nb8 {[%emt 0:21:30]} 15. a4 {[%emt 0:04:30]} Nxd5 {[%emt 0:13:30]} 16. exd5 {[%emt 0:02:30]} Bd7 {[%emt 0:00:00]} 17. axb5 {[%emt 0:00:30]} axb5 {[%emt 0:00:00]} 18. Qe2 {[%emt 0:04:30]} Qe8 {[%emt 0:05:30]} 19. f4 {[%emt 0:07:30]} Bd8 {[%emt 0:06:30]} 20. Qg2 {[%emt 0:04:30]} f6 {[%emt 0:05:30]} 21. f5 {[%emt 0:02:30]} g5 {[%emt 0:05:30]} 22. Kh1 {[%emt 0:01:30]} Rf7 {[%emt 0:00:30]} 23. Re1 {[%emt 0:05:30]} Qe7 {[%emt 0:03:28]} 24. Nf1 {[%emt 0:01:30]} Be8 {[%emt 0:00:33]} 25. Be3 {[%emt 0:00:30]} Qf8 {[%emt 0:02:29]} 26. Ra8 {[%emt 0:02:30]} Rb7 {[%emt 0:02:00]} 27. Ng3 {[%emt 0:01:30]} Bf7 {[%emt 0:00:36]} 28. Rea1 {[%emt 0:02:30]} Qe7 {[%emt 0:02:07]} (28... h6 $16 29. Qf3 Qe7) 29. b3 {[%emt 0:02:30]} Qc7 {[%emt 0:01:43]} (29... h6 $16 30. Ne4 Kg7) 30. c4 {[%emt 0:00:30]} ({White should try} 30. R8a7 $18 Qd7 31. Ne4) 30... Nd7 {[%emt 0:01:01]} 31. Ne4 {[%emt 0:02:30]} ({Don't do} 31. cxb5 $6 Rxa8 32. Rxa8 Rb8 $14) 31... Be7 {[%emt 0:01:46]} (31... Rxa8 $16 32. Rxa8 bxc4 33. bxc4 Rb8) 32. h4 {[%emt 0:04:30]} h6 {[%emt 0:00:32]} 33. Qh3 {[%emt 0:01:30]} Kg7 {[%emt 0:00:21]} 34. hxg5 {[%emt 0:02:30]} hxg5 {[%emt 0:01:57]} 35. Kg2 {[%emt 0:04:33]} Rxa8 {[%emt 0:02:30]} 36. Rxa8 $2 {[%emt 0:00:32]} (36. Rh1 Bh5 37. Qxh5 Ra2+ 38. Kg3) 36... Bf8 $2 {[%emt 0:00:00] [#]} (36... Rb8 $18 37. Ra7 Qd8 38. Bxg5 fxg5 39. f6+ Bxf6 40. Nxd6 e4) 37. Nxg5 $1 {[%emt 0:04:42]} fxg5 {[%emt 0:01:24]} 38. Bxg5 {[%emt 0:00:04]} Rb8 {[%emt 0:01:24]} 39. Rxb8 {[%emt 0:03:43]} Qxb8 {[%emt 0:00:30]} 40. f6+ {[%emt 0:00:00]} Nxf6 {[%emt 0:00:14]} 41. Qh6+ {[%emt 0:00:17]} Kg8 {[%emt 0:00:30]} 42. Qxf6 {[%emt 0:00:00]} Qe8 $2 {[%emt 0:01:08]} (42... bxc4 43. bxc4 Qb7) 43. Qf5 {[%emt 0:01:20]} Bg7 {[%emt 0:00:35]} 44. Qh7+ {[%emt 0:00:30]} Kf8 {[%emt 0:00:00]} 45. Bh6 {[%emt 0:00:27]} Bxh6 {[%emt 0:00:03]} 46. Qxh6+ {[%emt 0:00:30]} Ke7 {[%emt 0:00:00]} 47. g5 {[%emt 0:00:50]} bxc4 {[%emt 0:00:35]} 48. Qf6+ {[%emt 0:02:17]} Kd7 {[%emt 0:00:04]} 49. bxc4 {[%emt 0:00:00]} Kc7 {[%emt 0:01:28]} 50. g6 {[%emt 0:00:27]} Bg8 {[%emt 0:00:02]} 51. Bf5 {[%emt 0:00:30]} Qd8 {[%emt 0:00:37]} 52. Qxd8+ {[%emt 0:01:16]} Kxd8 {[%emt 0:00:05]} 53. Be6 {[%emt 0:01:01]} Ke7 {[%emt 0:00:30]} 54. Bxg8 {[%emt 0:00:30]} Kf6 {[%emt 0:00:30]} 55. Bf7 {[%emt 0:00:30]} Kg7 {[%emt 0:00:30]} 56. Kf3 {[%emt 0:00:30]} Kf6 {[%emt 0:00:30]} 57. Ke4 {[%emt 0:00:00]} Kg7 {[%emt 0:00:00]} 58. Kf5 {[%emt 0:00:00]} e4 {[%emt 0:00:00]} 59. Kxe4 {[%emt 0:00:00]} Kf6 {[%emt 0:00:00]} 60. Kf4 {[%emt 0:00:00]} Kg7 {[%emt 0:00:00]} 61. Kf5 {[%emt 0:00:21]} Kf8 {[%emt 0:00:00]} 62. Ke6 {[%emt 0:00:00]} Kg7 {[%emt 0:00:00]} 63. Kxd6 {[%emt 0:00:06]} Kf6 {[%emt 0:00:03]} 64. c5 {[%emt 0:00:00]} Kg7 {[%emt 0:00:00]} 65. c6 {[%emt 0:00:00]} Kf6 {[%emt 0:00:05]} 66. c7 {[%emt 0:00:24]} Kg7 {[%emt 0:00:00]} 67. Ke6 {[%emt 0:00:35]} Kh6 {[%emt 0:00:00]} 68. c8=R {[%emt 0:00:30]} Kg7 {[%emt 0:00:06]} 69. Rg8+ {[%emt 0:00:30]} Kh6 {[%emt 0:00:30]} 70. d6 {[%emt 0:00:30]} Kg5 {[%emt 0:00:30]} 71. d7 {[%emt 0:00:30]} Kh6 {[%emt 0:00:30]} 72. d8=R {[%emt 0:00:30]} Kg5 {[%emt 0:00:30]} 73. Rh8 {[%emt 0:00:30]} Kf4 {[%emt 0:00:30]} 74. Rd5 {[%emt 0:00:30]} Ke4 {[%emt 0:00:00]} 75. Rh4+ {[%emt 0:00:00]} Ke3 {[%emt 0:00:00]} 76. g7 {[%emt 0:00:00]} Kf3 {[%emt 0:00:00]} 77. Rd3+ {[%emt 0:00:00]} Ke2 {[%emt 0:00:00]} 78. Ra3 {[%emt 0:00:00]} Kf2 {[%emt 0:00:00]} 79. Rb4 {[%emt 0:00:00]} Ke2 {[%emt 0:00:00]} 80. Rb2+ {[%emt 0:00:16]} Kd1 {[%emt 0:00:00]} 81. Ra1# {[%emt 0:00:08]} 1-0

[Event "Turkish Cup 2022"]
[Site "Sakarya"]
[Date "2022.03.28"]
[Round "5.36"]
[White "Pehlivan, Mert"]
[Black "Isik, Kadri"]
[Result "0-1"]
[WhiteElo "1573"]
[BlackElo "1858"]
[Annotator "NA RC"]
[PlyCount "134"]
[EventDate "2022.03.25"]
[EventType "swiss"]
[EventCountry "TUR"]
[SourceTitle "playchess.com"]
[Source "ChessBase"]
[SourceQuality "1"]
[TimeControl "5400+30"]

1. e4 {[%emt 0:01:00]} c5 {[%emt 0:01:00]} 2. Nf3 {[%emt 0:00:00]} d6 {[%emt 0:00:30]} 3. d4 {[%emt 0:00:00]} cxd4 {[%emt 0:00:30]} 4. Qxd4 {[%emt 0:00:30]} Nc6 {[%emt 0:00:00]} 5. Bb5 {[%emt 0:00:30]} Bd7 {[%emt 0:00:00]} 6. Bxc6 {[%emt 0:00:30]} Bxc6 {[%emt 0:00:30]} 7. Nc3 {[%emt 0:00:00]} Nf6 {[%emt 0:00:00]} 8. Bg5 {[%emt 0:00:00]} e6 {[%emt 0:00:00]} 9. O-O-O {[%emt 0:00:30]} Be7 {[%emt 0:00:30]} 10. Rhe1 {[%emt 0:04:30] 10.Qd3 gains popularity.} h6 {[%emt 0:24:30]} 11. Bh4 {[%emt 0:07:30]} Qa5 {[%emt 0:02:30] [#]} 12. e5 $146 {[%emt 0:07:30]} ({Predecessor:} 12. Kb1 O-O 13. Qd2 Rfd8 14. Nd4 Rac8 15. Nd5 Qxd2 16. Nxe7+ Kf8 17. Ng6+ fxg6 18. Rxd2 Kf7 19. f3 {0-1 (70) Zhigalko,S (2572)-Paragua,M (2529) Chess.com INT 2021}) 12... dxe5 {[%emt 0:00:30]} 13. Nxe5 {[%emt 0:04:30]} Rd8 {[%emt 0:20:30]} 14. Nxc6 {[%emt 0:04:30]} Rxd4 {[%emt 0:00:30]} 15. Nxa5 {[%emt 0:00:30]} Rxh4 {[%emt 0:00:30]} 16. h3 {[%emt 0:01:30]} Bb4 {[%emt 0:07:30]} 17. Nb3 {[%emt 0:05:30]} Bxc3 {[%emt 0:01:30]} 18. bxc3 {[%emt 0:00:30]} Rc4 {[%emt 0:00:30]} 19. Kb2 {[%emt 0:08:30]} O-O {[%emt 0:06:30]} 20. Rd4 {[%emt 0:06:30]} Rc7 {[%emt 0:08:30]} 21. Red1 {[%emt 0:01:30]} Rfc8 {[%emt 0:05:49]} 22. Rd8+ {[%emt 0:01:30]} Kh7 {[%emt 0:00:00]} 23. Rxc8 {[%emt 0:03:30]} Rxc8 {[%emt 0:00:04]} 24. f3 {[%emt 0:00:30]} Nd5 {[%emt 0:00:30]} 25. Rd3 {[%emt 0:00:30]} Kg6 {[%emt 0:00:30]} 26. g3 {[%emt 0:00:30]} Kf6 {[%emt 0:00:30]} 27. Nd2 {[%emt 0:04:30]} b5 {[%emt 0:06:34]} 28. a3 {[%emt 0:09:30]} Ke7 {[%emt 0:01:40]} 29. f4 {[%emt 0:03:30]} f5 {[%emt 0:01:22]} 30. Nf3 {[%emt 0:03:30]} Kf6 {[%emt 0:01:18]} 31. Nd4 {[%emt 0:01:30]} a6 {[%emt 0:01:22]} 32. Kb3 {[%emt 0:01:30]} (32. h4 $17) 32... g5 {[%emt 0:00:34]} 33. Ne2 {[%emt 0:04:30]} a5 {[%emt 0:03:53]} 34. a4 {[%emt 0:06:04]} bxa4+ {[%emt 0:02:03]} 35. Kxa4 {[%emt 0:00:10]} gxf4 {[%emt 0:00:38]} 36. gxf4 {[%emt 0:00:07]} Nxf4 {[%emt 0:01:15]} 37. Nxf4 {[%emt 0:00:30]} Rc4+ {[%emt 0:00:30]} 38. Kxa5 {[%emt 0:00:30]} Rxf4 {[%emt 0:00:00]} 39. Kb5 {[%emt 0:00:00]} Rf2 {[%emt 0:00:00]} 40. c4 {[%emt 0:00:46]} Rxc2 {[%emt 0:00:00]} 41. c5 {[%emt 0:00:16]} e5 {[%emt 0:00:00]} 42. c6 {[%emt 0:00:47]} Ke6 {[%emt 0:01:07]} 43. Kb6 {[%emt 0:00:43]} e4 {[%emt 0:00:36]} 44. Rd8 {[%emt 0:01:17]} f4 {[%emt 0:00:43]} 45. Re8+ {[%emt 0:06:17]} Kd5 {[%emt 0:00:29]} 46. Rd8+ $19 {[%emt 0:00:33] [#]} Ke5 $1 {[%emt 0:00:13]} 47. c7 {[%emt 0:00:23]} f3 {[%emt 0:00:37]} 48. c8=Q {[%emt 0:00:19]} Rxc8 {[%emt 0:00:10]} 49. Rxc8 {[%emt 0:00:00]} f2 {[%emt 0:00:26]} 50. Kc5 {[%emt 0:00:48]} e3 {[%emt 0:01:55]} 51. Re8+ {[%emt 0:00:52]} Kf4 {[%emt 0:00:01]} 52. Kd4 {[%emt 0:00:29]} e2 {[%emt 0:00:12]} 53. Re4+ {[%emt 0:00:27]} Kf5 {[%emt 0:00:30]} 54. Rxe2 {[%emt 0:00:30]} f1=Q {[%emt 0:00:30]} 55. Re3 {[%emt 0:00:30]} Qd1+ {[%emt 0:00:30]} 56. Rd3 {[%emt 0:00:00]} Qa4+ {[%emt 0:01:48]} 57. Ke3 {[%emt 0:00:17]} Qe4+ {[%emt 0:00:59]} 58. Kd2 {[%emt 0:00:05]} Kf4 {[%emt 0:00:25]} 59. Kc3 {[%emt 0:00:23]} Qe1+ {[%emt 0:00:26]} 60. Kc4 {[%emt 0:00:57]} Qc1+ {[%emt 0:00:53]} 61. Kd5 {[%emt 0:00:30]} Qc2 {[%emt 0:01:17]} 62. Kd4 {[%emt 0:00:45]} Qc6 {[%emt 0:00:52]} 63. Rb3 {[%emt 0:02:50]} Qd6+ {[%emt 0:01:27]} 64. Kc3 {[%emt 0:00:07]} Kg3 {[%emt 0:00:54]} 65. Kc2+ {[%emt 0:00:17]} Kh4 {[%emt 0:00:00]} 66. Rc3 {[%emt 0:00:25]} Qd4 {[%emt 0:00:00]} 67. Ra3 {[%emt 0:00:55]} Qc5+ {[%emt 0:00:03]} 0-1

[Event "Turkish Cup 2022"]
[Site "Sakarya"]
[Date "2022.03.28"]
[Round "5.37"]
[White "Demirag, Gokhan"]
[Black "Ozates, Veysel"]
[Result "1-0"]
[WhiteElo "1946"]
[BlackElo "1645"]
[Annotator "RC"]
[PlyCount "85"]
[EventDate "2022.03.25"]
[EventType "swiss"]
[EventCountry "TUR"]
[SourceTitle "playchess.com"]
[Source "ChessBase"]
[SourceQuality "1"]
[TimeControl "5400+30"]

1. d4 {[%emt 0:01:00]} d5 {[%emt 0:01:00]} 2. c4 {[%emt 0:00:00]} c6 {[%emt 0:00:30]} 3. Nf3 {[%emt 0:00:00]} Nf6 {[%emt 0:00:00]} 4. Nc3 {[%emt 0:00:00]} dxc4 {[%emt 0:00:00]} 5. a4 {[%emt 0:00:00]} Bf5 {[%emt 0:00:30]} 6. Ne5 {[%emt 0:00:30]} e6 {[%emt 0:00:30]} 7. f3 {[%emt 0:06:30]} Nbd7 {[%emt 0:05:30]} 8. Nxc4 {[%emt 0:04:30]} Qc7 {[%emt 0:03:30]} 9. e4 {[%emt 0:00:30]} Bg6 {[%emt 0:00:30]} 10. Be3 {[%emt 0:02:30]} Be7 {[%emt 0:01:30]} 11. Qd2 {[%emt 0:00:30]} Nb6 {[%emt 0:03:30]} 12. Ne5 {[%emt 0:01:30]} Rd8 {[%emt 0:06:30]} 13. a5 {[%emt 0:04:30]} Nbd7 {[%emt 0:01:30]} 14. Nc4 {[%emt 0:00:30]} e5 {[%emt 0:03:30]} 15. Qf2 {[%emt 0:14:30]} exd4 {[%emt 0:05:30]} 16. Bxd4 {[%emt 0:00:30]} c5 {[%emt 0:06:30]} 17. Be3 {[%emt 0:05:30]} a6 {[%emt 0:01:30]} 18. Be2 {[%emt 0:09:30]} O-O {[%emt 0:00:30]} 19. O-O {[%emt 0:00:30]} Rfe8 {[%emt 0:06:30]} 20. Rfd1 {[%emt 0:00:30]} Bf8 {[%emt 0:02:30]} 21. Qh4 {[%emt 0:05:30]} h6 {[%emt 0:02:30]} 22. Bf4 {[%emt 0:02:30]} Qc8 {[%emt 0:03:30]} 23. Bd6 {[%emt 0:07:30]} Be7 {[%emt 0:06:30]} 24. Qf2 {[%emt 0:08:30]} Qc6 {[%emt 0:05:30]} 25. Bxe7 {[%emt 0:00:30]} Rxe7 {[%emt 0:00:30]} 26. Rd6 {[%emt 0:00:30]} Qc8 {[%emt 0:00:30]} 27. Rad1 {[%emt 0:00:30]} Ree8 {[%emt 0:01:30]} 28. e5 {[%emt 0:01:30]} Nh7 {[%emt 0:02:30]} 29. f4 {[%emt 0:04:30]} Bf5 {[%emt 0:02:30]} 30. Qh4 {[%emt 0:00:30]} f6 {[%emt 0:02:30]} 31. g4 {[%emt 0:04:15]} Be6 {[%emt 0:01:30]} 32. Qe1 {[%emt 0:02:57]} Bxc4 {[%emt 0:02:30]} 33. Bxc4+ {[%emt 0:00:30]} Kh8 {[%emt 0:00:30]} 34. e6 {[%emt 0:04:49]} Ndf8 {[%emt 0:06:22]} 35. Rxd8 {[%emt 0:00:49]} Rxd8 {[%emt 0:00:52]} 36. Rxd8 {[%emt 0:00:04]} Qxd8 {[%emt 0:00:26]} 37. e7 {[%emt 0:00:09]} Qd4+ {[%emt 0:02:37]} 38. Qf2 {[%emt 0:00:02]} Qd7 {[%emt 0:02:51]} 39. exf8=Q+ {[%emt 0:00:12]} Nxf8 {[%emt 0:00:18]} 40. h3 {[%emt 0:00:31]} Qc7 {[%emt 0:01:05]} 41. Qd2 {[%emt 0:02:33]} Qxa5 {[%emt 0:02:30]} 42. Kg2 {[%emt 0:01:08]} Qc7 {[%emt 0:02:10]} 43. Qd5 {[%emt 0:00:22]} 1-0

[Event "Turkish Cup 2022"]
[Site "Sakarya"]
[Date "2022.03.28"]
[Round "5.39"]
[White "Karadag, Eflatun Cem"]
[Black "Gani, Refik Efe"]
[Result "1-0"]
[WhiteElo "1800"]
[BlackElo "1370"]
[Annotator "NA RC"]
[PlyCount "109"]
[EventDate "2022.03.25"]
[EventType "swiss"]
[EventCountry "TUR"]
[SourceTitle "playchess.com"]
[Source "ChessBase"]
[SourceQuality "1"]
[TimeControl "5400+30"]

1. Nf3 {[%emt 0:01:00]} d5 {[%emt 0:01:00]} 2. b4 {[%emt 0:03:30]} e5 {[%emt 0:03:30]} 3. Nxe5 {[%emt 0:03:30]} Bxb4 {[%emt 0:00:30]} 4. c4 {[%emt 0:02:30]} Be7 {[%emt 0:03:30]} 5. e3 {[%emt 0:05:30]} Bf6 {[%emt 0:10:30]} 6. d4 {[%emt 0:06:30]} Ne7 {[%emt 0:05:30]} 7. Nc3 {[%emt 0:05:30]} O-O {[%emt 0:01:30]} 8. Ba3 {[%emt 0:10:30]} c6 {[%emt 0:13:30]} 9. Qb3 {[%emt 0:03:30]} Bxe5 {[%emt 0:00:30]} 10. dxe5 {[%emt 0:01:30]} dxc4 {[%emt 0:03:30]} 11. Bxc4 {[%emt 0:05:30]} b5 {[%emt 0:02:30]} 12. Be2 {[%emt 0:02:30]} Be6 {[%emt 0:03:30]} 13. Qb4 {[%emt 0:08:30]} Re8 {[%emt 0:00:30]} 14. Rd1 {[%emt 0:01:30]} Qc7 {[%emt 0:04:30]} 15. Qd6 {[%emt 0:03:30]} Qxd6 {[%emt 0:02:30]} 16. Bxd6 {[%emt 0:02:30]} Nd7 {[%emt 0:05:30]} 17. Bf3 {[%emt 0:05:30]} Rac8 {[%emt 0:02:30]} 18. Be4 {[%emt 0:00:30]} Nf5 {[%emt 0:04:30]} 19. Bxf5 {[%emt 0:04:30]} Bxf5 {[%emt 0:00:00]} 20. e4 {[%emt 0:02:30]} Be6 {[%emt 0:02:00]} 21. f4 {[%emt 0:00:34]} a5 {[%emt 0:03:30]} 22. a3 {[%emt 0:02:17]} f6 {[%emt 0:06:30]} 23. f5 {[%emt 0:01:35]} Bc4 {[%emt 0:00:30]} 24. e6 {[%emt 0:01:40]} Ne5 {[%emt 0:00:00]} 25. Bxe5 {[%emt 0:06:16]} fxe5 {[%emt 0:00:00]} 26. Kf2 {[%emt 0:00:30]} b4 {[%emt 0:00:30]} 27. axb4 {[%emt 0:00:30]} axb4 {[%emt 0:04:17]} 28. Nb1 {[%emt 0:02:17]} (28. Na4 $11 Bb3 29. Nb6) 28... Red8 {[%emt 0:02:17]} 29. Nd2 {[%emt 0:00:28]} Bd3 {[%emt 0:03:22]} 30. Ke3 {[%emt 0:00:33]} Bc2 {[%emt 0:00:24]} 31. Rc1 {[%emt 0:01:36]} b3 {[%emt 0:00:50]} 32. Rxc2 {[%emt 0:00:48]} bxc2 {[%emt 0:00:15]} 33. Rc1 {[%emt 0:00:00]} Kf8 {[%emt 0:05:23]} 34. Nf3 {[%emt 0:01:08]} Rd1 {[%emt 0:01:17]} 35. Rxc2 {[%emt 0:00:30]} Ke7 {[%emt 0:00:12]} 36. Nxe5 {[%emt 0:00:06]} c5 {[%emt 0:00:12]} 37. Ke2 {[%emt 0:01:28]} Rd4 {[%emt 0:01:34]} 38. Ke3 {[%emt 0:00:20]} Rd1 $18 {[%emt 0:00:00]} 39. g4 {[%emt 0:00:41]} (39. Ra2 $18) 39... Rc7 {[%emt 0:02:45]} 40. g5 {[%emt 0:01:28]} Re1+ {[%emt 0:00:54]} 41. Kf4 {[%emt 0:00:24]} Rf1+ {[%emt 0:01:13]} 42. Nf3 {[%emt 0:00:20]} g6 {[%emt 0:00:27]} 43. Rc3 {[%emt 0:00:17]} c4 {[%emt 0:00:57]} 44. Ke5 {[%emt 0:00:56]} Rc5+ $1 {[%emt 0:01:52]} 45. Kd4 {[%emt 0:00:41]} Rc7 {[%emt 0:00:01]} 46. Kd5 {[%emt 0:00:16]} Rd1+ {[%emt 0:00:59]} 47. Nd4 {[%emt 0:00:13]} Ra1 {[%emt 0:01:42]} 48. Nc6+ {[%emt 0:01:59]} Rxc6 {[%emt 0:00:30]} 49. Kxc6 {[%emt 0:00:30]} Ra5 {[%emt 0:00:30]} 50. Rf3 {[%emt 0:00:30]} c3 {[%emt 0:00:30]} 51. f6+ {[%emt 0:00:30]} Kxe6 {[%emt 0:00:00]} 52. f7 {[%emt 0:00:45]} c2 {[%emt 0:00:00]} 53. Rf6+ {[%emt 0:00:27]} Ke5 {[%emt 0:00:00]} 54. Rf1 {[%emt 0:00:51]} Ke6 {[%emt 0:00:30]} 55. f8=Q {[%emt 0:00:00]} 1-0